| 000 | 00753nam a22002177a 4500 | ||
|---|---|---|---|
| 999 |
_c16594 _d16594 |
||
| 003 | AR-CdUCM | ||
| 008 | 190503b ||||| |||| 00| 0 spa d | ||
| 040 |
_aMUNICIPALIDAD PROVINCIAL DEL CUSCO _cBIBLIOTECA MUNICIPAL DEL CUSCO |
||
| 082 |
_a620.1 / _bH63 |
||
| 100 |
_aHigdon, Archie _936125 |
||
| 245 | _aMecánica técnica / | ||
| 260 |
_aMadrid : _bAguilar, _c1961. |
||
| 300 |
_a679 paginas ; _c21 cm. |
||
| 505 | _aContenido :Conceptos fundamentales --Resultantes de los sistemas de fuerza --Centros de gravedad --Equilibrio --Razonamiento ... | ||
| 650 |
_aMecánica técnica _936126 |
||
| 650 |
_aEstática _920065 |
||
| 650 |
_aDinámica _920090 |
||
| 700 |
_aStiles, William B. _936127 |
||
| 942 |
_2ddc _cLIBROS |
||
| 945 |
_arjall _d2019-05-03 |
||